000 00671ntaaa2200217 4500
003 01
005 20251027203000.0
008 0714s1973 ag 01
040 _aAR-BaBN
_bspa
_cAR-BaBN
_eaacr
_dRIC
082 _a982.0900 M73
100 _aMolinari, José Luís
_930782
245 _aBoletín de la Academia Nacional de la historia
250 _a1 ed.
260 _aBuenos Aires :
_bAcademia Nacional de la Historia,
_cc1964
300 _a375 p
500 _aIncluye capítulos sobre los primeros misioneros protestantes en la región Magallánica (p. 263)
650 _aArgentina-historia
650 _amisioneros
_98422
700 _aOtros,
_913169
942 _cBK
999 _c25224
_d25224